00890nam a2200241 u 450000100070000000500170000700700100002400800410003403500110007504000130008604100080009908000060010710000410011324501130015426000350026730000130030265000280031565000240034365000230036765000330039070000470042350001780047099268820260507073256.0co|||||||060913s2006 spa  a992688 ccomduadb aspa aW10aZapata Zuluaga, Rosa Maria4auteaut10aPerfil del cargo observado y esperado de los directores locales de salud del departamento de Antioquia, 2006 aMedellín :bAutor(a),c2006. a1 CD-ROM aDirector local de salud aCompetencia laboral aPerfil profesional aDirecciones locales de salud10aVieco Gómez, Germán Fernando4thseths aTesis (Administrador de Salud con Énfasis en Gestión de Servicios de Salud). Universidad de Antioquia. Facultad Nacional de Salud Pública - Título del grado otorgado